header

Introduction to particle technology (Record no. 37503)

MARC details
000 -LEADER
fixed length control field 01318nam a2200361 a 4500
082 04 - DEWEY DECIMAL CLASSIFICATION NUMBER
Classification number 620/.43
100 1# - MAIN ENTRY--AUTHOR NAME
Personal name Rhodes, M. J.
245 10 - TITLE STATEMENT
Title Introduction to particle technology
250 ## - EDITION STATEMENT
Edition statement 2nd ed.
260 ## - PUBLICATION, DISTRIBUTION, ETC. (IMPRINT)
Place of publication Chichester, England ;
-- Hoboken, NJ :
Name of publisher Wiley,
Year of publication c2008.
300 ## - PHYSICAL DESCRIPTION
Number of Pages xxii, 450 p. :
Other physical details ill.
650 #0 - SUBJECT ADDED ENTRY--TOPICAL TERM
Topical Term Particles.
856 40 - ELECTRONIC LOCATION AND ACCESS
Uniform Resource Identifier http://site.ebrary.com/lib/rucke/Doc?id=10232631

No items available.

© 2026 Rongo University
Contact us: librarian | system librarian | Rongo university